00545nam a2200193Ia 4500008004100000020001800041082000800059100002400067245002700091250000600118260002800124300001700152500002400169650001600193700002800209942000700237952009000244999001700334230524s9999 xx 000 0 und d a9780098070896 bPAL aSrimanta Pal942429 0aEnginering Mathematics a2 aNew DelhibOxfordc2015 a"XIX,1003p;" aQuantity Number: 1 aMathematics aSubodh C. Bhunia942430 cBK 00104070aTATCLbTATCLcGENd2023-05-24l0o PALp53977r2023-05-24w2023-05-24yBK c56715d56715